| 000 | 01346nam0a2200361 4500 | ||
|---|---|---|---|
| 001 | RU\NLR\bibl\86134 | ||
| 005 | 20260406073148.0 | ||
| 010 |
_a5-8346-0023-9 _95000 |
||
| 021 |
_aRU _b1999-51833 _92569 |
||
| 035 | _a(NLR Aleph) 000084133 | ||
| 090 |
_a469620 _c469620 |
||
| 100 | _a20000515d1999 |||y0rusy50 ca | ||
| 101 | 1 |
_arus _aeng _ceng |
|
| 102 | _aRU | ||
| 105 | _aa ||||||||| | ||
| 200 | 1 |
_aПолезный дракон и другие истории _eУчеб. пособие для чтения и обсуждения _fДональд Биссет |
|
| 210 |
_aМ. _cМенеджер _d1999 |
||
| 215 |
_a140,[3] с. _cил. _d20 |
||
| 225 | 1 | _aRead and discuss | |
| 300 | _aНа обл.: The useful dragon / Donald Bisset | ||
| 320 | _aБиблиогр. в конце кн. (5 назв.) | ||
| 512 | 1 |
_6z20790 _aThe useful dragon |
|
| 606 | 0 |
_aАнглийский язык _jХрестоматии _9972309 _3RU\NLR\auth\6646032 |
|
| 686 | _aШ143.21-93рус21хрест | ||
| 686 | _aШ143.21-93рус91 | ||
| 700 | 1 |
_4070 _8rus _7ca _aБиссет _bД. _gДональд _f1910-1995 _3RU\NLR\auth\7731157 _914168 |
|
| 790 | 1 |
_6z20512 _aBisset _bD. _gDonald _4070 |
|
| 801 | 0 |
_aRU _bNLR _c20000515 _gPSBO |
|
| 801 | 1 |
_aRU _bNLR _c20000515 |
|
| 852 |
_aNLR _j2000-3/2926 |
||
| 942 | _cBOOK | ||
| 980 | _aNB | ||